[Event "18th Delhi GM Open 2020"]
[Site "Delhi"]
[Date "2020.01.14"]
[Round "8.22"]
[White "Nigmatov, Ortik"]
[Black "Sangma, Rahul"]
[Result "1-0"]
[WhiteElo "2467"]
[BlackElo "2291"]
[Annotator "TA"]
[PlyCount "55"]
[EventDate "2020.01.09"]
[EventType "swiss"]
[EventCountry "IND"]
[SourceTitle "playchess.com"]
[Source "ChessBase"]
[SourceQuality "1"]

{[%evp 22,55,54,23,37,39,45,0,29,31,50,55,124,114,223,216,331,328,316,277,276,283,291,259,260,250,252,243,264,237,237,236,263,261,266,266]} 1. e4 e5 2. Nf3 Nc6 3. Bc4 Bc5 4. c3 Nf6 5. d3 a6 6. O-O Ba7 7. Bb3 d6 8. Nbd2 {[%cal Bb1d2,Bd2f1,Bf1g3,Bg3f5][%mdl 32]} O-O 9. h3 Ne7 10. Re1 Ng6 11. Nf1 Nh5 12. d4 Nhf4 {C54: Giuoco Piano: 4 c3 Nf6, main lines with 5 d4 and 5 d3} 13. Ng3 h6 (13... Nh4 14. Bxf4 exf4 15. Nh5 c5 16. dxc5 Bxc5 17. Nxf4 Kh8 18. Nxh4 Qxh4 19. Qf3 Be6 20. Bd5 {0-1 (63) Ganguly,S (2668)-Aronian,L (2785) Doha 2016}) 14. Nf5 Qf6 {The position is equal.} 15. Bc2 c5 16. g3 Ne6 $146 (16... Nxh3+ $14 17. Kg2 cxd4 18. Kxh3 d5) ({Predecessor:} 16... Nxh3+ 17. Kg2 cxd4 18. Kxh3 d5 19. Qe2 dxc3 20. bxc3 dxe4 21. Qxe4 Bxf2 {½-½ (35) Almeida,R (2083)-De Zan,A (2162) ICCF email 2009}) 17. d5 $36 {[%mdl 2048] White has strong initiative.} ({Don't play} 17. Nxd6 $6 cxd4 18. Nf5 Rd8 $11) 17... Nc7 {[#]} (17... c4 $16) 18. Nh2 $1 $18 Nh8 (18... Qd8 {was called for.} 19. Qh5 Ne7 20. Nxg7 Kxg7) 19. Ng4 Qd8 20. Bxh6 Bxf5 21. exf5 {Threatens to win with f6!} f6 22. Be3 c4 23. Be4 b5 24. h4 Nf7 25. Bxa7 Rxa7 26. Ne3 Nh6 27. a4 Rb7 28. g4 {Accuracy: White = 80%, Black = 45%.} 1-0

[Event "18th Delhi GM Open 2020"]
[Site "Delhi"]
[Date "2020.01.14"]
[Round "8.23"]
[White "Taher, Yoseph Theolifus"]
[Black "Aaryan Varshney"]
[Result "1/2-1/2"]
[WhiteElo "2462"]
[BlackElo "2287"]
[Annotator "TA"]
[PlyCount "56"]
[EventDate "2020.01.09"]
[EventType "swiss"]
[EventCountry "IND"]
[SourceTitle "playchess.com"]
[Source "ChessBase"]
[SourceQuality "1"]

{[%evp 22,56,29,0,25,30,89,18,61,54,58,10,18,20,1,-14,-6,-33,-14,-16,2,-17,-10,-19,-19,-18,-16,-100,-133,-119,-39,-44,-24,-30,-45,-35,-37]} 1. d4 Nf6 2. c4 e6 3. Nc3 d5 4. cxd5 exd5 5. Bg5 Be7 6. e3 c6 7. Bd3 Nbd7 8. Qc2 O-O 9. Nge2 Re8 10. O-O Nf8 11. f3 Ng6 12. Rae1 Be6 {D36: Queen's Gambit Declined: Exchange Variation: Main line (5 Bg5 c6 6 Qc2)} (12... h6 $5 {[%cal Rh6g5]} 13. Bxf6 Bxf6 $11) 13. Ng3 Rc8 (13... Nf8 $11 {remains equal.}) 14. Kh1 (14. f4 $1 $16) 14... b6 $146 {The position is equal.} ({Predecessor:} 14... c5 15. f4 Bd7 16. Nf5 Bf8 17. Bxf6 Qxf6 18. Nxd5 Qc6 19. Nc3 c4 20. Be2 Bxf5 21. Qxf5 Rxe3 {½-½ (38) Mesaros,F (2422)-Ozen,B (2302) Riga 2018}) 15. f4 {f5 is the strong threat.} Nf8 16. Nf5 Bxf5 17. Bxf5 Rc7 18. Bxf6 (18. Rc1 {with more complications.} a6 19. Qa4 a5 20. Qc2 Bd6 21. Rf3) 18... Bxf6 19. g4 h6 20. Qg2 g6 21. Bd3 Rce7 22. Qg3 Qd6 23. Re2 g5 24. h4 (24. fxg5 $11 Qxg3 25. hxg3 Bxg5 26. e4) 24... gxf4 $1 $17 25. Rxf4 {[#]} Ng6 (25... Ne6 $1 $17 {[%cal Re6f4]} 26. g5 {[#]} Bxd4 $1 {[%mdl 576] Pin} 27. gxh6+ Kh8) 26. Bxg6 $1 $15 fxg6 27. g5 hxg5 28. hxg5 Rh7+ {Accuracy: White = 45%, Black = 46%.} 1/2-1/2

[Event "18th Delhi GM Open 2020"]
[Site "Delhi"]
[Date "2020.01.14"]
[Round "8.24"]
[White "Mota, Pankit"]
[Black "Shyaamnikhil P"]
[Result "0-1"]
[WhiteElo "2060"]
[BlackElo "2458"]
[Annotator "TA"]
[PlyCount "40"]
[EventDate "2020.01.09"]
[EventType "swiss"]
[EventCountry "IND"]
[SourceTitle "playchess.com"]
[Source "ChessBase"]
[SourceQuality "1"]

{[%evp 16,40,16,0,0,-3,13,-8,0,0,103,76,70,65,81,87,78,0,0,0,0,0,0,-191,-182,-462,-468]} 1. e4 c5 2. c3 Nf6 3. e5 Nd5 4. Nf3 Nc6 5. Bc4 Nb6 6. Bb3 c4 7. Bc2 d6 8. exd6 Qxd6 9. O-O Bg4 {B22: Sicilian: 2 c3} 10. h3 (10. Re1 e6 11. b3 Be7 12. Na3 cxb3 13. axb3 Qd7 14. Nc4 Nxc4 15. bxc4 O-O 16. d4 Rfd8 17. Be4 {½-½ (49) Zhigalko,S (2604)-Carlsen,M (2835) St Petersburg 2018}) 10... Bh5 11. Re1 O-O-O {The position is equal.} 12. a4 a5 $146 (12... Na5 $11 {keeps the balance.}) ({Predecessor:} 12... e5 13. a5 Nd5 14. a6 b5 15. Na3 Qb8 16. Bf5+ Kc7 17. b3 Nxc3 {1-0 (76) Belyakov,B (2500)-Bogdanov,E (2407) Pardubice 2019}) 13. Be4 e6 14. Na3 {[%cal Bb1a3,Ba3b5,Bb5d4][%mdl 32]} f5 15. Nb5 Qd7 {[#]} 16. Bxc6 (16. Bc2 $1 $16) 16... bxc6 $11 17. Nbd4 c5 18. Nb5 ({Much weaker is} 18. Rxe6 Kb7 $17) 18... Qd5 19. g4 $2 (19. d4 $11 {and White stays safe.}) 19... fxg4 $19 20. Ne5 $2 {[#]} (20. Re5 Qxf3 21. Qxf3 gxf3 22. Rxh5) 20... gxh3 {Accuracy: White = 33%, Black = 81%.} 0-1

[Event "18th Delhi GM Open 2020"]
[Site "Delhi"]
[Date "2020.01.14"]
[Round "8.25"]
[White "Rahman, Ziaur"]
[Black "Manish Anto Cristiano F"]
[Result "1/2-1/2"]
[WhiteElo "2434"]
[BlackElo "2280"]
[Annotator "TA"]
[PlyCount "67"]
[EventDate "2020.01.09"]
[EventType "swiss"]
[EventCountry "IND"]
[SourceTitle "playchess.com"]
[Source "ChessBase"]
[SourceQuality "1"]

{[%evp 13,67,31,48,60,50,58,50,58,48,52,51,47,60,61,77,69,61,68,81,84,87,71,73,75,125,118,121,129,132,124,123,98,141,122,138,127,140,123,256,264,304,299,290,270,304,306,297,295,360,348,317,136,120,128,115,69]} 1. Nf3 Nf6 2. g3 d5 3. Bg2 c6 4. O-O Bf5 5. d3 h6 6. c4 e6 7. cxd5 cxd5 8. Qb3 {A11: English Opening: 1...c6} Qb6 (8... Qc8 9. Bf4 Nc6 10. Rc1 Qd7 11. Ne5 Nxe5 12. Bxe5 Bd6 13. Bxd6 Qxd6 14. e4 Bg6 15. Nc3 O-O 16. exd5 exd5 17. Nxd5 Nxd5 18. Bxd5 {½-½ (34) Naroditsky,D (2610)-Zierk,S (2505) Greensboro 2019}) 9. Be3 Qxb3 10. axb3 {White is slightly better.} Nc6 11. Nd4 Nxd4 12. Bxd4 a6 13. Nc3 Bh7 14. e4 dxe4 15. dxe4 Nd7 $146 ({Predecessor:} 15... Rd8) 16. Rfc1 Rb8 17. b4 {[%cal Bb3b4,Bb4b5][%mdl 32]} f6 18. b5 Bc5 19. Ne2 Bxd4 20. Nxd4 e5 21. Ne6 {aiming for Rc7.} Kf7 22. Nxg7 Rhc8 23. Nf5 $36 {[%mdl 2048] White is on the roll.} Rxc1+ 24. Rxc1 Bxf5 25. exf5 axb5 $16 {[%mdl 4096] Endgame [#] KRB-KRN} (25... Ke7 $16 {keeps fighting.}) 26. Bf1 $1 $18 Ke7 27. Bxb5 Nb6 28. Rc7+ Kd6 29. Rf7 Kc5 30. Be2 ({Not} 30. Rxf6 Kxb5 31. Kg2 Na4 $15) 30... Na4 31. Rxf6 Nxb2 32. Re6 (32. Rxh6 $18 {is more deadly. Hoping for f6.} b5 33. Re6) 32... Nc4 $16 33. f6 {[#] Black must now prevent f7.} Rf8 34. f7 {Accuracy: White = 74%, Black = 40%.} 1/2-1/2

[Event "18th Delhi GM Open 2020"]
[Site "Delhi"]
[Date "2020.01.14"]
[Round "8.26"]
[White "Goganov, Aleksey"]
[Black "Anadkat Kartavya"]
[Result "1/2-1/2"]
[WhiteElo "2583"]
[BlackElo "2082"]
[Annotator "TA"]
[PlyCount "61"]
[EventDate "2020.01.09"]
[EventType "swiss"]
[EventCountry "IND"]
[SourceTitle "playchess.com"]
[Source "ChessBase"]
[SourceQuality "1"]

{[%evp 15,61,10,24,29,19,20,29,18,20,19,20,20,15,10,27,18,30,13,13,5,13,13,13,13,16,15,27,17,31,0,0,0,0,0,0,0,0,-40,0,0,0,0,0,0,0,-23,0,0]} 1. d4 Nf6 2. c4 e6 3. Nf3 b6 4. g3 Bb7 5. Bg2 Be7 6. O-O O-O 7. Nc3 Ne4 8. Bd2 Bf6 9. Be1 {E18: Queen's Indian: Old Main Line (4 g3 Bb7 5 Bg2 Be7 6 0-0 0-0 7 Nc3)} Nxc3 10. Bxc3 Be4 11. Qa4 {White has an edge.} d6 12. Rfd1 Qe8 13. Qxe8 Rxe8 14. Rac1 Nd7 {[#]} 15. h4 $146 ({Predecessor:} 15. Ne1 Bxg2 16. Kxg2 g6 {1-0 (40) Yilmaz,M (2636)-Oparin,G (2613) St Petersburg 2018}) 15... a5 16. Ne1 Bxg2 17. Nxg2 e5 18. dxe5 Bxe5 19. Bxe5 Rxe5 20. Nf4 Nf6 21. f3 Nh5 22. Kf2 Rae8 {[#] Strongly threatening ...Nxf4.} 23. e4 Nxf4 24. gxf4 $11 {[%mdl 4096] Endgame KRR-KRR} Rh5 25. Kg3 f5 26. Re1 Re6 27. exf5 $1 Rxe1 28. Rxe1 {Kg4 is the strong threat.} Rxf5 29. Re7 Rf7 30. Re8+ Rf8 31. Re7 {Accuracy: White = 65%, Black = 63%.} 1/2-1/2

[Event "18th Delhi GM Open 2020"]
[Site "Delhi"]
[Date "2020.01.14"]
[Round "8.27"]
[White "Lalith Babu M R"]
[Black "Aradhya, Garg"]
[Result "1-0"]
[WhiteElo "2558"]
[BlackElo "2197"]
[Annotator "TA"]
[PlyCount "51"]
[EventDate "2020.01.09"]
[EventType "swiss"]
[EventCountry "IND"]
[SourceTitle "playchess.com"]
[Source "ChessBase"]
[SourceQuality "1"]

{[%evp 15,51,13,37,29,29,16,39,19,39,11,21,8,6,7,14,8,1,0,0,0,19,10,11,1,11,25,28,17,17,17,83,43,43,22,30,20,18,25]} 1. d4 d5 2. Nf3 Nf6 3. c4 c6 4. Nc3 dxc4 5. a4 Bf5 6. Ne5 Nbd7 7. Nxc4 Nb6 8. Ne5 a5 9. h4 {D17: Slav Defence: 5 a4 Bf5: Lines with 6 Nh4 and 6 Ne5} (9. e3 Nfd7 10. Bd3 Bxd3 11. Nxd3 e6 12. O-O Be7 13. Qb3 O-O 14. e4 Ra6 15. Be3 Qb8 16. Rac1 Rd8 {1-0 (37) Giri,A (2782)-Aronian,L (2767) chess.com INT 2018}) 9... Qc7 10. f3 Nbd7 11. Bf4 {[#] Strongly threatening e4.White is slightly better.} Nxe5 12. Bxe5 (12. dxe5 {with more complications.} Be6 13. Qd4 Nd7 14. g3 g6 15. Bh3) 12... Qb6 13. e4 Bc8 $1 {[#]} 14. Qd2 $146 ({Predecessor:} 14. d5 e6 15. d6 Nd7 16. Bd4 c5 {0-1 (34) Paragua,M (2506)-Holt,C (2592) Berkeley 2018}) 14... Nd7 15. Bg3 e5 16. dxe5 Nc5 {[#] White must now prevent ...Nb3.} 17. Bc4 $36 {[%mdl 2048] White fights for an advantage.} Be6 18. Bxe6 fxe6 19. Rd1 Be7 20. Qc2 O-O 21. Bf2 Rad8 22. O-O Qa6 (22... Qb3 $11 {keeps the balance.} 23. Qxb3 Nxb3) 23. Kh2 Qc4 24. Bxc5 Rxd1 25. Qxd1 Bxc5 26. f4 {[%mdl 32768] Accuracy: White = 74%, Black = 71%. . Loss on time!?} 1-0

[Event "18th Delhi GM Open 2020"]
[Site "Delhi"]
[Date "2020.01.15"]
[Round "9.1"]
[White "Martinez Alcantara, Jose Eduardo"]
[Black "Aleksandrov, Aleksej"]
[Result "0-1"]
[WhiteElo "2606"]
[BlackElo "2592"]
[Annotator "TA"]
[PlyCount "90"]
[EventDate "2020.01.09"]
[EventType "swiss"]
[EventCountry "IND"]
[SourceTitle "playchess.com"]
[Source "ChessBase"]
[SourceQuality "1"]

{[%evp 9,90,20,19,12,23,11,18,0,16,4,8,12,15,0,0,15,0,4,4,-7,-7,-13,-10,-6,-8,-8,-15,-15,-14,-14,-14,-14,-12,-14,-4,-10,-19,-26,-4,-54,-59,-76,-72,-70,-61,-68,-71,-32,-18,-63,-67,-78,-43,-42,-42,-82,-43,-185,-212,-435,-457,-453,-449,-402,-399,-398,-398,-391,-386,-434,-434,-565,-547,-569,-551,-1335,-958,-882,-839,-1679,-1933,-2472,-2295]} 1. e4 e5 2. Nf3 Nc6 3. Bb5 Nf6 4. d3 Bc5 5. c3 O-O 6. O-O {C65: Ruy Lopez: Berlin Defence (3...Nf6), unusual lines and 4 0-0 Bc5} Re8 (6... d6 7. h3 a6 8. Ba4 b5 9. Bc2 h6 10. Re1 Re8 11. b4 Bb6 12. a4 Bd7 13. Nbd2 Ne7 14. Nf1 a5 15. bxa5 Rxa5 {½-½ (62) Nakamura,H (2736)-Carlsen,M (2872) Moscow 2019}) 7. Nbd2 a6 8. Ba4 {The position is equal.} b5 9. Bb3 d6 10. Re1 Be6 11. h3 h6 12. Bxe6 Rxe6 13. Nf1 d5 14. Qe2 Qd7 {[#]} 15. Ng3 $146 ({Predecessor:} 15. b4 Bb6 16. Qb2 a5 17. a4 d4 18. axb5 dxc3 19. Qxc3 Nxb4 {½-½ (52) Asrian,K (2621)-Minasian,A (2466) Yerevan 2008}) 15... Rd8 16. Be3 Bxe3 17. Qxe3 d4 18. cxd4 Nxd4 19. Nxd4 Qxd4 20. Qxd4 Rxd4 21. Rac1 Rxd3 22. Rxc7 Rd2 23. Rc8+ Kh7 24. Rec1 Rxb2 25. R1c7 Ne8 26. Rxf7 Nd6 27. Rc6 Nxf7 28. Rxe6 Rxa2 $15 {[%mdl 4096] Endgame KRN-KRN} 29. Re7 Nd6 {Strongly threatening ...b4.} 30. Rd7 Rd2 {And now ...b4 would win.} 31. Nf5 Nxe4 {[%mdl 64] Discovered Attack} 32. Rxg7+ Kh8 33. f3 (33. Rb7 $15) 33... Nc3 $1 $19 34. Rb7 $2 {[#]} (34. Rg6 a5 35. Rxh6+ Kg8 36. Rg6+ Kf8 37. Rf6+ Ke8 38. Ra6) 34... a5 $1 {[%cal Ba6a5,Ba5a4,Ba4a3,Ba3a2][%mdl 32]} 35. Nxh6 {[#]} a4 $1 {[%cal Ra4a3] aiming for ...a3.} 36. Ng4 {Nf6 would kill now.} Rd6 37. Ra7 b4 38. Nxe5 {Nf7+ is the strong threat.} Rd1+ 39. Kh2 a3 {Black is clearly winning.} 40. Ng4 {White threatens Nf6 and mate.} Kg8 41. Ne3 Rb1 42. Rd7 Kf8 43. Ra7 a2 44. Nc2 b3 {[%cal Bb4b3,Bb3b2][%mdl 32]} 45. Nd4 b2 {Accuracy: White = 43%, Black = 82%.} 0-1

[Event "18th Delhi GM Open 2020"]
[Site "Delhi"]
[Date "2020.01.15"]
[Round "9.2"]
[White "Ghosh, Diptayan"]
[Black "Gupta, Abhijeet"]
[Result "0-1"]
[WhiteElo "2550"]
[BlackElo "2603"]
[Annotator "TA"]
[PlyCount "138"]
[EventDate "2020.01.09"]
[EventType "swiss"]
[EventCountry "IND"]
[SourceTitle "playchess.com"]
[Source "ChessBase"]
[SourceQuality "1"]

{[%evp 18,138,13,25,15,9,0,0,27,14,22,6,22,14,13,10,25,0,0,0,6,-7,0,0,0,0,8,0,0,0,2086,10,16,-6,0,0,729,-31,-23,-12,-18,-54,0,0,0,0,0,-8,0,0,0,-67,-67,-67,-67,-71,-67,-64,-62,-63,-70,-85,-90,-138,-12,-21,-23,-12,-12,-12,-25,-14,-15,-24,-8,-8,-8,-8,-8,-14,0,-8,0,0,0,-8,-8,-8,0,-8,-8,-8,-8,-10,-8,-10,-10,-13,-13,-20,-27,-101,-101,-101,-101,-101,-101,-101,-101,-29963,-29963,-29964,-29964,-29972,-29974,-29974,-29974,-29975,-29976,-29975,-29976,-29971,-11567]} 1. c4 Nf6 2. Nc3 e5 3. Nf3 Nc6 4. g3 Bb4 5. Bg2 O-O 6. O-O e4 7. Ne1 Bxc3 8. bxc3 Re8 9. f3 exf3 10. Nxf3 Qe7 {A29: English Opening: Four Knights Variation with 4 g3} (10... d5 11. d4 dxc4 12. Bg5 h6 13. Bxf6 Qxf6 14. Nd2 Qe7 15. e4 Na5 16. e5 Be6 17. Ne4 Rad8 18. Qh5 {1-0 (41) Nakamura,H (2769)-Karjakin,S (2782) Stavanger 2018}) 11. e3 Ne5 12. d3 d6 {The position is equal.} 13. Nd4 c5 14. Nf5 Bxf5 15. Rxf5 d5 16. cxd5 c4 $1 17. dxc4 Nxc4 18. Qd3 Rac8 $146 ({Predecessor:} 18... Nxe3 19. Qxe3 Qxe3+ 20. Bxe3 Rxe3 {½-½ (31) Sacripanti,G (2317)-Gagliardi,V (2148) ICCF email 2016}) 19. Rb1 b6 20. Rf4 Qc5 {[%cal Rc4e3]} 21. Rd4 $36 {[%mdl 2048] Black is under pressure.} Ne5 22. Qd2 Qxc3 23. Qxc3 Rc7 $2 {[%mdl 8192]} (23... Rxc3 $11 24. e4 Nf3+ 25. Bxf3 Rxf3) 24. Qc4 $2 (24. Qxc7 $18 Nfd7 25. Qxa7) 24... Rxc4 $11 25. a4 Rc3 26. Bd2 h6 $2 {[%mdl 8192]} (26... Rc2 $11) 27. Rc1 $2 (27. Bxc3 $18 Nfd7 28. a5) 27... Rxc1+ $15 28. Bxc1 Rc8 29. Bd2 Rc4 (29... Kf8 $15) 30. Rxc4 $11 Nxc4 {[%mdl 4096] Endgame KBB-KNN} 31. Bc3 Nd7 32. e4 f6 33. Bf1 Nd6 34. Bb5 (34. Bd3 $11) 34... Nxe4 $15 35. Bb4 $1 Ndc5 36. a5 $1 Kf7 37. axb6 axb6 38. Kg2 Nd6 39. Be2 Nf5 $1 40. g4 Ne3+ ({Better is} 40... Nd4 $17 41. Bc4 Nc2) 41. Kf3 $11 Nc2 ({Much weaker is} 41... Nxd5 42. Bc4 $16) 42. Bc3 Na4 43. Bd2 Nd4+ 44. Ke3 $1 {[%cal Re3d4]} Nxe2 45. Kxe2 {KB-KN} b5 {Hoping for ...Nb6.} 46. Ke3 Nc5 47. Bb4 Na6 48. Bd6 g6 49. h4 h5 50. gxh5 gxh5 51. Ke4 Kg6 52. Kd4 Kg7 53. Ke4 Kf7 54. Kf4 b4 55. Ke4 Ke8 56. Kd4 Kd7 57. Bf8 b3 {...b2 is the strong threat.} 58. Ba3 {[#]} Nb4 $1 {[%mdl 512] Strongly threatening ...Nc2+.} 59. Kc4 (59. Ke4 $1 $11) (59. Bxb4 b2) 59... Nc2 $17 60. Bc1 {[#]} Ne3+ $1 {[%mdl 512]} 61. Kxb3 (61. Bxe3 b2) 61... Nxd5 {aiming for ...Ne7.} 62. Kc4 Ke6 {Threatens to win with ...Ke5.} 63. Bd2 $2 {[%mdl 8192]} (63. Kd4 $17) 63... Ne7 {Black mates.} 64. Kd3 {[#]} Kf5 $1 {[%cal Rf5g4]} 65. Ke2 Kg4 66. Bc3 f5 67. Kf2 Ng6 68. Bb2 Nxh4 69. Bf6 Nf3 {Accuracy: White = 42%, Black = 63%.} 0-1

[Event "18th Delhi GM Open 2020"]
[Site "Delhi"]
[Date "2020.01.15"]
[Round "9.3"]
[White "Pranesh M"]
[Black "Yakubboev, Nodirbek"]
[Result "1/2-1/2"]
[WhiteElo "2317"]
[BlackElo "2597"]
[Annotator "TA"]
[PlyCount "115"]
[EventDate "2020.01.09"]
[EventType "swiss"]
[EventCountry "IND"]
[SourceTitle "playchess.com"]
[Source "ChessBase"]
[SourceQuality "1"]

{[%evp 15,115,55,53,42,34,2,0,0,0,-3,-9,-21,-13,-11,41,0,0,0,68,52,50,0,24,21,14,14,11,22,28,22,15,0,0,4,50,20,20,0,0,-58,-57,-57,-65,-57,-58,-46,-75,-44,-18,-37,0,-41,0,-73,-79,-180,-38,-141,-141,-140,-141,-183,-198,-249,-45,-86,-12,-12,-12,-12,-12,-12,-12,-13,-13,-13,-13,-13,-12,-13,0,0,0,-12,-12,-12,-12,-12,-12,-12,-12,-12,-12,-12,0,0,0,0,0,0,0,0]} 1. e4 c5 2. Nf3 d6 3. d4 cxd4 4. Nxd4 Nf6 5. Nc3 a6 6. Bg5 e6 7. f4 Qc7 8. Bxf6 gxf6 9. f5 {B96: Sicilian Najdorf: 6 Bg5 e6 7 f4, lines other than 7...Qb6 and 7...Be7} (9. Qf3 Nc6 10. O-O-O Bd7 11. Nxc6 Qxc6 12. f5 Qc5 13. fxe6 Qg5+ 14. Kb1 fxe6 15. Bc4 O-O-O 16. Rhf1 Be7 17. e5 d5 18. Bxd5 exd5 19. Nxd5 {½-½ (32) Giri,A (2776)-Korobov,A (2670) Bucharest 2019}) 9... Qc5 10. fxe6 fxe6 11. Qd3 Nc6 12. Nxc6 $146 ({Predecessor:} 12. O-O-O Nxd4 13. Qxd4 Qxd4 14. Rxd4 Bd7 15. g3 Ke7 16. Bg2 Bh6+ {0-1 (59) Huang,R (2322)-Firouzja,A (2607) Konya 2018}) 12... bxc6 13. O-O-O Rb8 14. Kb1 Rg8 ({Black should play} 14... Be7 $11) 15. h4 Rg7 16. Rh3 Rgb7 ({Better is} 16... d5 $11) 17. b3 $14 Qe5 18. Na4 Qb5 {White must now prevent ...Qxa4.} 19. Qd4 Qb4 $1 20. Bxa6 Qxd4 21. Rxd4 Rg7 22. Bxc8 Rxc8 23. Rd2 Rg4 24. Re2 Bh6 25. Nb2 Ke7 26. Nd3 Rcg8 27. Ne1 (27. a4 $11) 27... d5 $15 28. exd5 cxd5 29. Rd3 {Black should prevent Rxd5.} Re4 $1 $36 {[%cal Re4e2][%mdl 2048] Black has good play.} (29... Rxh4 $6 30. Rxd5 Rgg4 31. a4 $16) 30. Rxe4 dxe4 {[%mdl 4096] Endgame KRB-KRN} 31. Rd1 Be3 {[%mdl 1024] Black has compensation.} 32. c4 Bf2 33. Kc2 f5 34. b4 (34. a4 $11 {keeps the balance.}) 34... f4 $17 35. c5 (35. Kd2 $17) 35... Bxh4 (35... Bxe1 $1 $19 36. Rxe1 Rxg2+ 37. Kc3 e3) 36. c6 (36. Kc3 $15) 36... Bxe1 $1 37. Rxe1 Rxg2+ {KR-KR} 38. Kc3 e3 $1 (38... Rxa2 39. Rxe4 Ra3+ 40. Kb2 $11) 39. Kd3 {[#]} ({Don't go for} 39. b5 $2 f3 $19) (39. Rc1 $142) 39... Kd6 $2 ({Less strong is} 39... Rxa2 40. Ke4 $17) (39... Rb2 $1 $19 40. Rc1 Kd8) 40. Ke4 $15 Rf2 (40... Rxa2 $17 41. Kxf4 e2) 41. Rc1 $1 $11 {aiming for c7.The position is equal.} Kc7 42. b5 $1 {[%cal Rb5b6]} e2 ({Don't blunder} 42... Rxa2 $2 {[#]} 43. b6+ $1 {[%mdl 512]} Kxb6 44. c7 $18) 43. b6+ $1 Kxb6 {Threatens to win with ...Rf1.} 44. c7 e1=Q+ {[%mdl 64] Discovered Attack} 45. Rxe1 Kxc7 46. Rh1 Kd6 47. Rxh7 Rf1 48. Rh4 f3 49. Rf4 Ra1 50. Rxf3 Rxa2 {Hoping for ...Ra4+.} 51. Rd3+ Ke7 52. Rb3 Ra4+ 53. Ke5 Ra5+ 54. Ke4 Kf6 55. Rf3+ Rf5 56. Rxf5+ exf5+ 57. Kf4 Ke7 58. Kxf5 {Accuracy: White = 50%, Black = 46%.} 1/2-1/2

[Event "18th Delhi GM Open 2020"]
[Site "Delhi"]
[Date "2020.01.15"]
[Round "9.4"]
[White "Fedorov, Alexei"]
[Black "Stupak, Kirill"]
[Result "1/2-1/2"]
[WhiteElo "2562"]
[BlackElo "2506"]
[Annotator "TA"]
[PlyCount "94"]
[EventDate "2020.01.09"]
[EventType "swiss"]
[EventCountry "IND"]
[SourceTitle "playchess.com"]
[Source "ChessBase"]
[SourceQuality "1"]

{[%evp 14,94,6,2,0,0,0,0,0,0,0,0,0,0,0,0,0,0,0,0,0,0,0,0,0,-20,25,8,16,14,51,-60,-33,-61,12,18,60,50,67,53,42,61,110,100,124,64,133,131,125,126,118,103,214,233,229,229,240,273,287,278,286,286,286,285,343,343,336,325,310,310,302,189,173,159,151,0,0,0,0,0,18,0,0]} 1. e4 e6 2. Qe2 c5 3. f4 Nc6 4. Nf3 g6 5. g3 Bg7 6. c3 Nge7 7. Bg2 d6 8. O-O O-O {C00: French: Unusual White 2nd moves} 9. Na3 (9. a4 Rb8 10. Na3 a6 11. Rd1 Na5 12. Nc4 Nb3 13. Ra3 Nxc1 14. Rxc1 b5 15. axb5 axb5 16. Ne3 Bb7 17. d3 Qb6 18. Kh1 Ra8 19. Rca1 {½-½ (19) Nepomniachtchi,I (2714)-Morozevich,A (2724) Sochi 2014}) 9... h6 (9... e5 10. d3 h6 11. f5 gxf5 12. Nh4 fxe4 13. dxe4 Be6 {½-½ (30) Fedorov,A (2572)-Stupak,K (2565) Minsk 2018}) 10. Rd1 e5 11. fxe5 $146 ({Predecessor:} 11. d3 Bg4 12. h3 {0-1 (37) Merenyi,G (2147)-Baranyai,S (2248) Hungary 2009}) 11... dxe5 12. d3 Be6 13. Be3 b6 14. Nc4 Qc7 15. a3 a5 16. a4 Rad8 17. b3 Nc8 18. Rab1 Nd6 19. Ne1 Nc8 20. Bf2 N8e7 21. Nc2 f5 22. b4 ({White should try} 22. N2a3 $14) 22... axb4 23. cxb4 Bxc4 ({Black should play} 23... fxe4 $1 $15 24. Bxe4 Nd5 25. Bxd5 Bxd5 26. bxc5 Bf3 27. cxb6 Qd7) 24. dxc4 $11 cxb4 25. Rxd8 Rxd8 26. exf5 gxf5 27. Nxb4 e4 28. Nxc6 Qxc6 29. g4 ({Better is} 29. Qa2 $16) 29... Bd4 (29... Qxa4 $14 30. gxf5 (30. Bxb6 Rb8 $17) 30... Nxf5) 30. gxf5 $16 Nxf5 31. Bxe4 {[%mdl 64] Double Attack} Bxf2+ 32. Kxf2 Qf6 (32... Qc5+ $16 33. Kg2 Ne3+ 34. Kh1 Qd4) 33. Qg4+ $1 $18 Ng7+ 34. Kg1 $1 h5 35. Qg2 $1 Qd4+ 36. Kh1 Qxc4 37. Rg1 {[%csl Gg1][%cal Rg2g7]} ({But not} 37. Qg6 $6 Rd6 $18) 37... Qf7 38. Qb2 Rd6 39. a5 {And now Qe5 would win.} Qe7 40. Re1 {Strongly threatening Bh7+!} Qh4 {[#]} 41. Qb4 $1 {aiming for Bd5+!} Rd4 42. Bd5+ Kh7 43. Qb1+ Kh8 {[#]} 44. Bg2 $2 (44. Re4 $1 $16 {[%cal Re4h4]} Qf6 45. Rxd4 Qxd4 46. Be4) 44... bxa5 $11 {The position is equal.} 45. Rf1 {[%cal Rf1f8]} Qd8 46. Qc1 Rd2 47. Qa1 Rd4 {Accuracy: White = 72%, Black = 58%.} 1/2-1/2